[Event "Olympiad-42"]
[Site "Baku"]
[Date "2016.09.03"]
[Round "2.2"]
[White "Balbalosa, Jeffrey"]
[Black "Del Castilho, Martyn Simon"]
[Result "0-1"]
[WhiteElo "1768"]
[BlackElo "2248"]
[PlyCount "111"]
[EventDate "2016.09.02"]
[EventType "team-swiss"]
[EventRounds "11"]
[EventCountry "AZE"]
[SourceTitle "CBM 175"]
[Source "ChessBase"]
[SourceDate "2016.11.10"]
[SourceVersion "1"]
[SourceVersionDate "2016.11.10"]
[SourceQuality "1"]
[WhiteTeam "Palau"]
[BlackTeam "Barbados"]
[WhiteTeamCountry "PAL"]
[BlackTeamCountry "BAR"]

1. e4 c5 2. d3 Nc6 3. Nf3 g6 4. g3 Bg7 5. Bg2 Nf6 6. 0-0 0-0 7. Re1 d5 8. Nbd2 d4 9. Nf1 e5 10. h4 Bd7 11. N1h2 b5 12. Bg5 h6 13. Bd2 c4 14. a3 Be6 15. Rc1 a5 16. Qe2 Qb6 17. Red1 Nd7 18. h5 Nc5 19. Nh4 Kh7 20. f4 Na4 21. Rf1 Nxb2 22. hxg6+ fxg6 23. Nxg6 Kxg6 24. f5+ Kh7 25. fxe6 c3 26. Be1 Ne7 27. Bh3 Rxf1+ 28. Kxf1 b4 29. axb4 axb4 30. Qh5 Rf8+ 31. Kg2 b3 32. Qe2 Qb5 33. Nf3 bxc2 34. Rxc2 Qxd3 35. Qxd3 Nxd3 36. Bxc3 dxc3 37. Rxc3 Nb4 38. Rc5 Nbc6 39. Nh4 Nd4 40. Nf5 Ndxf5 41. exf5 Rc8 42. Rxc8 Nxc8 43. Kf3 Kg8 44. g4 Kf8 45. Bf1 Nd6 46. Bd3 Bf6 47. Bb1 Ke7 48. Bc2 Kd8 49. Bb1 Kc7 50. Bc2 Kb6 51. Bb1 Kc5 52. Bc2 Kd4 53. Bb1 e4+ 54. Ke2 Ke5 55. Bxe4 Kxe4 56. Kf2 0-1

[Event "Palau 3rd"]
[Site "Koror"]
[Date "2011.12.15"]
[Round "3"]
[White "Balbalosa, Jeffrey"]
[Black "Gonzales, Dennis"]
[Result "1-0"]
[WhiteElo "1528"]
[BlackElo "1611"]
[PlyCount "59"]
[EventDate "2011.12.14"]
[EventType "tourn"]
[EventRounds "9"]
[EventCountry "AUS"]
[SourceTitle "CBM 146 Extra"]
[Source "ChessBase"]
[SourceDate "2012.02.29"]
[SourceVersion "1"]
[SourceVersionDate "2012.02.29"]
[SourceQuality "1"]

1. e4 Nc6 2. Nf3 e5 3. Bc4 Nf6 4. d3 h6 5. Nc3 Bc5 6. 0-0 d6 7. Ne2 Bg4 8. c3 Bxf3 9. gxf3 Qd7 10. Ng3 g6 11. b4 Bb6 12. a4 a6 13. a5 Ba7 14. b5 Nb8 15. bxa6 Nxa6 16. d4 Qh3 17. dxe5 dxe5 18. Bxa6 bxa6 19. Ba3 Rd8 20. Qa4+ Nd7 21. Rfd1 Bxf2+ 22. Kxf2 Qxh2+ 23. Ke1 Qxg3+ 24. Kd2 Qf2+ 25. Kc1 Qe3+ 26. Kb2 Qxf3 27. Rd2 f6 28. Rad1 Rh7 29. Qc6 h5 30. Qe6+ 1-0